000 00287nam a22001337a 4500
008 170210b xxu||||| |||| 00| 0 eng d
020 _a9781405104425
041 _aeng
080 _a61
100 _a4
101 _aSHM
245 _aEMERGENCY MEDICINE
_cMICHAEL BOND
942 _2udc
_cBK
999 _c5132
_d5132